Statistics for San Antonio Spurs Top 10 Leaders Playoffs

Click here to take the quiz!

General Stats

  • This quiz has been taken 333 times
    (306 since last reset)
  • The average score is 10 of 18

Answer Stats

Answer% Correct
Tim Duncan
100%
Tony Parker
100%
Manu Ginobili
99%
David Robinson
98%
Kawhi Leonard
93%
George Gervin
83%
Danny Green
61%
Mike Green
60%
Avery Johnson
57%
Bruce Bowen
55%
Sean Elliott
45%
Boris Diaw
41%
Patty Mills
37%
Robert Horry
35%
Artis Gilmore
34%
Johnny Moore
20%
Matt Bonner
18%
Malik Rose
10%

Score Distribution

Percentile by Number Answered

Percent of People with Each Score

Your Score History

You have not taken this quiz since the last reset